000 00398nam a2200157Ia 4500
008 090123s9999 xx 000 0 und d
082 _b293
100 _aनंदा गुलशन
245 _aडरपोक
250 _a0
600 _aनंदा गुलशन
630 _aडरपोक
700 _aनंदा गुलशन
730 _aडरपोक
942 _cBOOK
999 _c38381
_d38381